00736nam a2200241 a 4500001001300000003000900013005001700022008004100039020002300080082001500103100001700118245006600135260004000201300000900241500003500250505001800285650002600303700001700329902000800346942000700354952011600361999001700477nice12345678IN_TiNIC20260116014134.0090109s2005 newa grp 000 0 eng  a8125027971 c55000a305.3bROY aRoy, Anupama aGendered Citizenshipb Historical and Conceptual Explorations aNew Delhi bOrient Blackswan c2005 a291p aincludes index and biblioraphy2 abiblio, index aGender Discrimination1 aRoy, Anupama bSRS cBK 001040708StackRoom-aHMIbHMId2009-01-09g550.00l0o305.3 ROYp022580r2009-01-09v550.00w2009-01-09yBK c14045d14045